000 00301nam a2200133 i 4500
001 bg
100 1 _aPIOTROWSKI, W.
245 0 _aOkrętowe kotły parowe /
_cW. Piotrowski.
260 _aGdańsk,
_c1985.
040 _cBPK
041 _apol
942 _cKS
008 s pl f |000 0 pol
999 _c2583
_d2583
856 _uhttp://koha.tu.koszalin.pl/cgi-bin/koha/opac-detail.pl?biblionumber=2583
_yKatalog online BPK